Diecisiete Fábulas del Rey León
সংরক্ষণ করুন:
| প্রধান লেখক: | |
|---|---|
| বিন্যাস: | গ্রন্থ |
| ভাষা: | স্প্যানিশ |
| প্রকাশিত: |
Bogotá
Norma
1999
|
| সংস্করন: | 13a. ed |
| মালা: | Torre de Papel
|
| বিষয়গুলি: | |
| ট্যাগগুলো: |
ট্যাগ যুক্ত করুন
কোনো ট্যাগ নেই, প্রথমজন হিসাবে ট্যাগ করুন!
|
MARC
| LEADER | 00000nam a2200000 a 4500 | ||
|---|---|---|---|
| 001 | UCH8539 | ||
| 003 | CL-VaPUC | ||
| 008 | 091127e19990100CK |||||||||||||||||spa|d | ||
| 020 | |a 9580412677 | ||
| 082 | 0 | 4 | |a 843 |b MUZ |2 21 |
| 100 | |a Muzi, Jean |e autor |9 545127 | ||
| 245 | 1 | 0 | |a Diecisiete Fábulas del Rey León |
| 250 | |a 13a. ed | ||
| 300 | |a 103 p | ||
| 942 | |c BK | ||
| 945 | |d 20091127 00:00:00 |a lazolas | ||
| 260 | |a Bogotá |b Norma |c 1999 | ||
| 500 | |a Traducido por Gabriela Arciniegas | ||
| 500 | |a Ilustrado por Ivar da Coll | ||
| 650 | 0 | |a Literatura francesa |9 266330 | |
| 650 | 0 | |a Cuentos franceses |9 265569 | |
| 583 | |a last modification |c 20091127 00:00:00 |k Rodrigo Vera | ||
| 490 | 0 | |a Torre de Papel | |
| 999 | |c 338750 |d 338748 | ||